[Event "Mittelrhein Verbandsliga-N 17/18"]
[Site "Nordrheinwestfalen"]
[Date "2017.12.03"]
[Round "5.5"]
[White "Gelsok, Philipp"]
[Black "Sewald, Richard"]
[Result "1-0"]
[WhiteElo "1936"]
[BlackElo "1745"]
[PlyCount "71"]
[EventDate "2017.09.10"]
[EventType "team-swiss"]
[EventRounds "11"]
[EventCountry "GER"]
[SourceTitle "EXT 2022"]
[Source "ChessBase"]
[SourceDate "2021.10.06"]
[SourceVersion "1"]
[SourceVersionDate "2021.10.06"]
[SourceQuality "1"]
[WhiteTeam "Bergische SF"]
[BlackTeam "Porz SG IV"]
[WhiteTeamCountry "GER"]
[BlackTeamCountry "GER"]

1. e4 c5 2. Nf3 a6 3. c4 g6 4. d4 Bg7 5. Nc3 cxd4 6. Nxd4 e6 7. Be3 Ne7 8. Be2 Nbc6 9. 0-0 0-0 10. Rc1 Qc7 11. Qd2 Rd8 12. Rfd1 d6 13. Nd5 exd5 14. cxd5 f5 15. dxc6 bxc6 16. exf5 Bxd4 17. Qxd4 Bxf5 18. Bc4+ d5 19. Bb3 Be6 20. Qf6 Qd7 21. Bd4 Nf5 22. Qh8+ Kf7 23. Qxh7+ Kf8 24. Bc5+ Nd6 25. Qxg6 Qf7 26. Qg3 Ke7 27. Re1 Rd7 28. Qh4+ Qf6 29. Qxf6+ Kxf6 30. Bd4+ Kf7 31. Rxc6 Rg8 32. Rxa6 Ne4 33. Rxe4 dxe4 34. Bxe6+ Ke7 35. Bxd7 Kxd7 36. Be3 1-0

[Event "Mittelrhein Verbandsliga-N 17/18"]
[Site "Nordrheinwestfalen"]
[Date "2017.11.12"]
[Round "4.6"]
[White "Kamphausen, Johannes Dieter"]
[Black "Sewald, Richard"]
[Result "1/2-1/2"]
[WhiteElo "1734"]
[BlackElo "1745"]
[PlyCount "83"]
[EventDate "2017.09.10"]
[EventType "team-swiss"]
[EventRounds "11"]
[EventCountry "GER"]
[SourceTitle "EXT 2022"]
[Source "ChessBase"]
[SourceDate "2021.10.06"]
[SourceVersion "1"]
[SourceVersionDate "2021.10.06"]
[SourceQuality "1"]
[WhiteTeam "Hitdorf SV Springer"]
[BlackTeam "Porz SG IV"]
[WhiteTeamCountry "GER"]
[BlackTeamCountry "GER"]

1. e4 c5 2. Nf3 a6 3. d4 cxd4 4. Nxd4 Nf6 5. Nc3 e5 6. Nf3 Bb4 7. Bc4 Qc7 8. Qd3 b5 9. Bd5 Nxd5 10. exd5 Bxc3+ 11. bxc3 d6 12. 0-0 Nd7 13. Be3 Nc5 14. Bxc5 Qxc5 15. Nd2 Bb7 16. Ne4 Qxd5 17. Nxd6+ Ke7 18. Nf5+ Kf6 19. Ne3 Qxd3 20. cxd3 Rhd8 21. Rfd1 Rac8 22. Rac1 Ke6 23. c4 f5 24. cxb5 axb5 25. Rb1 f4 26. Nf1 Bc6 27. f3 Rd4 28. Kf2 Ra8 29. Rb2 b4 30. Rdb1 Rxd3 31. Rxb4 Rxa2+ 32. R4b2 Rxb2+ 33. Rxb2 Rd4 34. Nd2 Bd5 35. g4 g6 36. h4 h5 37. g5 Kf7 38. Ke2 e4 39. fxe4 Bxe4 40. Nxe4 Rxe4+ 41. Kf3 Rc4 42. Rb6 1/2-1/2

[Event "Mittelrhein Verbandsliga-N 17/18"]
[Site "Nordrheinwestfalen"]
[Date "2017.10.22"]
[Round "3.4"]
[White "Sewald, Richard"]
[Black "Koenner, Martin"]
[Result "0-1"]
[WhiteElo "1744"]
[BlackElo "1921"]
[PlyCount "86"]
[EventDate "2017.09.10"]
[EventType "team-swiss"]
[EventRounds "11"]
[EventCountry "GER"]
[SourceTitle "EXT 2022"]
[Source "ChessBase"]
[SourceDate "2021.10.06"]
[SourceVersion "1"]
[SourceVersionDate "2021.10.06"]
[SourceQuality "1"]
[WhiteTeam "Porz SG IV"]
[BlackTeam "Rheinpark BSG"]
[WhiteTeamCountry "GER"]
[BlackTeamCountry "GER"]

1. Nf3 Nf6 2. g3 g6 3. Bg2 Bg7 4. d3 0-0 5. 0-0 d6 6. Nbd2 Nbd7 7. e4 c5 8. c3 Rb8 9. a4 b6 10. Qc2 Ba6 11. Rd1 Qc7 12. Nf1 Ne5 13. Nxe5 dxe5 14. f4 Ne8 15. fxe5 Bxe5 16. Ne3 e6 17. Ng4 Bg7 18. Bf4 e5 19. Bh6 Rd8 20. Bxg7 Kxg7 21. Ne3 Bb7 22. g4 Qe7 23. Qf2 Nc7 24. h4 Ne6 25. Qg3 Nf4 26. Bf1 Qc7 27. Kh2 Rd7 28. Ng2 Ne6 29. Ne3 Rfd8 30. Qf3 Nf4 31. Ng2 h6 32. Nxf4 exf4 33. Rd2 Qe5 34. Bg2 f5 35. gxf5 gxf5 36. Re1 fxe4 37. Qg4+ Kh8 38. Bxe4 Rg7 39. Qf3 Rg3 40. Qf2 Qf6 41. Qxg3 fxg3+ 42. Kxg3 Rg8+ 43. Kh3 Bc8+ 0-1

[Event "GER-chT U14"]
[Site "Duesseldorf"]
[Date "2016.12.28"]
[Round "4.3"]
[White "Kracht, Raphael"]
[Black "Sewald, Richard"]
[Result "1/2-1/2"]
[WhiteElo "1768"]
[BlackElo "1710"]
[PlyCount "76"]
[EventDate "2016.12.27"]
[EventType "team-swiss"]
[EventRounds "7"]
[EventCountry "GER"]
[SourceTitle "EXT 2018"]
[Source "ChessBase"]
[SourceDate "2017.10.13"]
[SourceVersion "1"]
[SourceVersionDate "2017.10.13"]
[SourceQuality "1"]
[WhiteTeam "Brackel U14"]
[BlackTeam "Porz SG U14"]
[WhiteTeamCountry "GER"]
[BlackTeamCountry "GER"]

1. e4 c5 2. d4 cxd4 3. c3 Nf6 4. e5 Nd5 5. Nf3 d6 6. cxd4 Nc6 7. exd6 Qxd6 8. Nc3 Bg4 9. Be2 e6 10. h3 Bh5 11. 0-0 Be7 12. Nb5 Qd8 13. Ne5 Bxe2 14. Qxe2 Bf6 15. Rd1 0-0 16. Nxc6 bxc6 17. Nc3 Qb6 18. Be3 Rab8 19. Nxd5 cxd5 20. b3 Rbc8 21. Qd2 Rc6 22. Rac1 Rfc8 23. Rc5 Be7 24. Rxc6 Rxc6 25. Rc1 Qc7 26. Rxc6 Qxc6 27. Qc1 Qxc1+ 28. Bxc1 Bb4 29. Bb2 Kf8 30. f3 Ke7 31. Kf2 Kd6 32. Ke2 f6 33. Kd3 e5 34. g4 Ke6 35. Ke3 g5 36. Kd3 a6 37. Ke3 Kd6 38. Kd3 Ke6 1/2-1/2

[Event "Mittelrhein Verbandsliga-M 16/17"]
[Site "Nordrheinwestfalen"]
[Date "2016.09.11"]
[Round "1.6"]
[White "Beracz, Peter"]
[Black "Sewald, Richard"]
[Result "1-0"]
[WhiteElo "1803"]
[BlackElo "1710"]
[PlyCount "63"]
[EventDate "2016.09.11"]
[EventType "team-tourn"]
[EventRounds "11"]
[EventCountry "GER"]
[SourceTitle "EXT 2022"]
[Source "ChessBase"]
[SourceDate "2021.10.06"]
[SourceVersion "1"]
[SourceVersionDate "2021.10.06"]
[SourceQuality "1"]
[WhiteTeam "Esch SF"]
[BlackTeam "Porz SG V"]
[WhiteTeamCountry "GER"]
[BlackTeamCountry "GER"]

1. d4 Nf6 2. c4 e6 3. Nf3 b6 4. g3 Bb7 5. Bg2 Be7 6. 0-0 0-0 7. Nc3 d5 8. Ne5 Nbd7 9. Nxd7 Qxd7 10. Bg5 Ne4 11. Nxe4 dxe4 12. Bxe7 Qxe7 13. Qc2 f5 14. Rad1 Rfd8 15. f3 c5 16. e3 exf3 17. Bxf3 Bxf3 18. Rxf3 Qb7 19. Rf2 Rd7 20. d5 Rad8 21. e4 g6 22. Rfd2 exd5 23. exd5 Rd6 24. Re2 Qd7 25. Rde1 Qg7 26. Qd2 Qf6 27. Re5 R8d7 28. Qh6 Rf7 29. Re8+ Rf8 30. R1e7 Qd4+ 31. Kg2 Qxb2+ 32. Kh3 1-0

[Event "Cologne Longerich op-B 12th"]
[Site "Cologne"]
[Date "2015.08.02"]
[Round "4"]
[White "Kuehlwein, Ralf"]
[Black "Sewald, Richard"]
[Result "1/2-1/2"]
[WhiteElo "1412"]
[BlackElo "1665"]
[PlyCount "148"]
[EventDate "2015.07.31"]
[EventType "tourn"]
[EventRounds "5"]
[EventCountry "GER"]
[SourceTitle "EXT 2017"]
[Source "ChessBase"]
[SourceDate "2016.10.25"]
[SourceVersion "1"]
[SourceVersionDate "2016.10.25"]
[SourceQuality "1"]

1. d4 Nf6 2. c4 e6 3. Nc3 Bb4 4. Qc2 b6 5. e4 Bxc3+ 6. bxc3 Bb7 7. d5 exd5 8. cxd5 0-0 9. Bg5 h6 10. Bh4 Qe7 11. Bxf6 Qxf6 12. Rd1 Na6 13. g3 Nc5 14. Bg2 d6 15. Ne2 Rfe8 16. 0-0 Qg6 17. Nf4 Qf6 18. Rfe1 Ba6 19. c4 Re7 20. Re3 Re5 21. Nd3 Nxd3 22. Qxd3 Ree8 23. Qc2 Qe7 24. a4 Bc8 25. h3 Bd7 26. Ra1 Qe5 27. Qc3 Qxc3 28. Rxc3 a5 29. Re3 f6 30. Kh2 Re7 31. h4 Rae8 32. f3 f5 33. Raa3 fxe4 34. fxe4 Re5 35. Ra1 Rf8 36. Rf3 Rfe8 37. Re3 Bg4 38. Rf1 Rf8 39. Rxf8+ Kxf8 40. Re1 Ke7 41. Kg1 Bd7 42. Ra1 Kd8 43. Kf2 c6 44. Ke3 cxd5 45. cxd5 Kc7 46. Kf4 g5+ 47. hxg5 Rxg5 48. Bf1 Rh5 49. Bb5 Bxb5 50. axb5 Rh2 51. Rc1+ Kb7 52. Rc6 Rf2+ 53. Ke3 Rf6 54. Kd4 Rg6 55. Rc3 h5 56. Ra3 Rg4 57. Re3 h4 58. gxh4 Rxh4 59. Rc3 Rg4 60. Ra3 Rg7 61. Rc3 Rc7 62. Rc6 Rxc6 63. dxc6+ Kb8 64. e5 dxe5+ 65. Kxe5 Kc7 66. Kd4 Kd6 67. Kc3 Kc7 68. Kd4 Kb8 69. Kd5 Kc8 70. Kc4 Kc7 71. Kd5 Kd8 72. Kc4 Ke7 73. Kd5 Kd8 74. Kc4 Kc7 1/2-1/2

[Event "Cologne Longerich op-B 12th"]
[Site "Cologne"]
[Date "2015.08.02"]
[Round "5"]
[White "Sewald, Richard"]
[Black "Toval, David"]
[Result "0-1"]
[WhiteElo "1665"]
[BlackElo "1377"]
[PlyCount "108"]
[EventDate "2015.07.31"]
[EventType "tourn"]
[EventRounds "5"]
[EventCountry "GER"]
[SourceTitle "EXT 2017"]
[Source "ChessBase"]
[SourceDate "2016.10.25"]
[SourceVersion "1"]
[SourceVersionDate "2016.10.25"]
[SourceQuality "1"]

1. Nf3 Nf6 2. c4 e6 3. g3 b6 4. Bg2 Bb7 5. Nc3 Bb4 6. d3 0-0 7. 0-0 d6 8. a3 Bxc3 9. bxc3 Nbd7 10. Qc2 h6 11. h3 Nc5 12. e4 a5 13. Nd2 Re8 14. d4 Ncd7 15. f4 Rc8 16. e5 Bxg2 17. Kxg2 Nh7 18. Ne4 Qe7 19. a4 Nhf8 20. Ba3 f5 21. exd6 Qf7 22. dxc7 fxe4 23. Qxe4 Nf6 24. Qb7 Qxc7 25. Qxc7 Rxc7 26. c5 bxc5 27. dxc5 N8d7 28. Rfc1 Nxc5 29. Bxc5 Rxc5 30. Rab1 Nd5 31. Rb5 Rec8 32. Rxc5 Rxc5 33. Re1 Kf7 34. Rb1 Nxc3 35. Rb7+ Kf6 36. h4 Nxa4 37. g4 Nc3 38. Kf3 a4 39. g5+ hxg5 40. hxg5+ Kg6 41. Re7 Rc6 42. Ra7 Rc4 43. Ra6 Kf5 44. Kg3 Rxf4 45. Rxe6 Kxe6 46. Kxf4 a3 47. Kg4 g6 48. Kf4 a2 49. Kg4 a1Q 50. Kf4 Qe1 51. Kg4 Qf1 52. Kh4 Qg1 53. Kh3 Ne4 54. Kh4 Qg3# 0-1

[Event "Cologne Longerich op-B 11th"]
[Site "Cologne"]
[Date "2014.08.03"]
[Round "4"]
[White "Sewald, Richard"]
[Black "Joerres, Till"]
[Result "1/2-1/2"]
[WhiteElo "1515"]
[BlackElo "1639"]
[PlyCount "67"]
[EventDate "2014.08.01"]
[EventType "swiss"]
[EventRounds "5"]
[EventCountry "GER"]
[SourceTitle "EXT 2022"]
[Source "ChessBase"]
[SourceDate "2021.10.06"]
[SourceVersion "1"]
[SourceVersionDate "2021.10.06"]
[SourceQuality "1"]

1. Nf3 d5 2. d3 Nf6 3. g3 c5 4. Bg2 Nc6 5. 0-0 e6 6. Nbd2 Bd6 7. a3 0-0 8. c4 d4 9. Ng5 e5 10. Nge4 Nxe4 11. Nxe4 Be7 12. Nd2 Be6 13. Qc2 Qd7 14. Nf3 Bh3 15. Bg5 Bxg2 16. Kxg2 Bxg5 17. Nxg5 f5 18. Nf3 Rae8 19. Nd2 Qe7 20. f3 f4 21. Ne4 b6 22. Qa4 Rc8 23. Rab1 a5 24. Qb5 Qc7 25. Ng5 Rce8 26. Ne4 h5 27. Qb3 Re6 28. Kf2 fxg3+ 29. hxg3 Ne7 30. Rh1 Rh6 31. Rh3 Nf5 32. Rbh1 g6 33. Ng5 Qc6 34. Qb5 1/2-1/2

[Event "Cologne Longerich op-B 11th"]
[Site "Cologne"]
[Date "2014.08.02"]
[Round "2"]
[White "Sewald, Richard"]
[Black "Klein, Markus2"]
[Result "1-0"]
[WhiteElo "1515"]
[BlackElo "1337"]
[PlyCount "39"]
[EventDate "2014.08.01"]
[EventType "swiss"]
[EventRounds "5"]
[EventCountry "GER"]
[SourceTitle "EXT 2022"]
[Source "ChessBase"]
[SourceDate "2021.10.06"]
[SourceVersion "1"]
[SourceVersionDate "2021.10.06"]
[SourceQuality "1"]

1. Nf3 d6 2. d3 e5 3. g3 Bd7 4. Bg2 Bc6 5. 0-0 Be7 6. Nc3 Nf6 7. h3 0-0 8. e4 Ne8 9. Be3 f5 10. exf5 Rxf5 11. d4 Bf6 12. g4 Rxf3 13. Bxf3 exd4 14. Bxd4 Bxd4 15. Qxd4 Bxf3 16. Qf4 Bc6 17. Rfe1 h6 18. a3 Nd7 19. b4 b6 20. Qc4+ 1-0

[Event "GER-chT U10"]
[Site "Magdeburg"]
[Date "2012.12.29"]
[Round "6.4"]
[White "Nguyen, Alex Dac Vuong"]
[Black "Sewald, Richard"]
[Result "1-0"]
[WhiteElo "1140"]
[BlackElo "1221"]
[PlyCount "56"]
[EventDate "2012.12.27"]
[EventType "team-swiss"]
[EventRounds "7"]
[EventCountry "GER"]
[SourceTitle "EXT 2014"]
[Source "ChessBase"]
[SourceDate "2013.11.20"]
[SourceVersion "1"]
[SourceVersionDate "2013.11.20"]
[SourceQuality "1"]
[WhiteTeam "Leipzig BSG"]
[BlackTeam "Porz SG"]
[WhiteTeamCountry "GER"]
[BlackTeamCountry "GER"]

1. e4 e5 2. Nf3 Nc6 3. d4 exd4 4. Bc4 Bc5 5. c3 Nf6 6. 0-0 dxc3 7. Re1 0-0 8. Bg5 Be7 9. Nxc3 h6 10. Bh4 d6 11. Nd4 Ne5 12. Bb3 Bg4 13. f3 Bh5 14. Nf5 Bg6 15. Nxe7+ Qxe7 16. Nd5 Qd8 17. Nxf6+ gxf6 18. Qd2 Kg7 19. f4 Nc6 20. Re3 Re8 21. f5 Bh7 22. Rg3+ Bg6 23. fxg6 fxg6 24. Qd5 Re5 25. Qf7+ Kh8 26. Bxf6+ Qxf6 27. Qxf6+ Kh7 28. Qxg6+ Kh8 1-0

[Event "GER-chT U10"]
[Site "Magdeburg"]
[Date "2012.12.28"]
[Round "3.4"]
[White "Sewald, Richard"]
[Black "Garbuz, Nicole"]
[Result "1-0"]
[WhiteElo "1221"]
[BlackElo "1068"]
[PlyCount "163"]
[EventDate "2012.12.27"]
[EventType "team-swiss"]
[EventRounds "7"]
[EventCountry "GER"]
[SourceTitle "EXT 2014"]
[Source "ChessBase"]
[SourceDate "2013.11.20"]
[SourceVersion "1"]
[SourceVersionDate "2013.11.20"]
[SourceQuality "1"]
[WhiteTeam "Porz SG"]
[BlackTeam "Brackel"]
[WhiteTeamCountry "GER"]
[BlackTeamCountry "GER"]

1. e4 e5 2. Nf3 Nc6 3. Bc4 Bc5 4. c3 Na5 5. Nxe5 Nxc4 6. Nxc4 Qh4 7. d4 Qxe4+ 8. Ne3 Bd6 9. Nd2 Qg6 10. Qe2 Ne7 11. Nec4 0-0 12. Nxd6 Qxd6 13. 0-0 Nf5 14. Nf3 Nh6 15. Qe5 Qxe5 16. Nxe5 Nf5 17. Nf3 d6 18. Re1 Be6 19. Ng5 Bd5 20. Nh3 Rae8 21. Bd2 Nh4 22. Nf4 Be4 23. f3 Ng6 24. fxe4 Nxf4 25. Bxf4 h6 26. e5 d5 27. e6 fxe6 28. Bxc7 Rf7 29. Be5 Kh7 30. Rf1 Rd7 31. Rf3 g5 32. Raf1 Ree7 33. Rf6 b6 34. Re1 h5 35. Bg3 h4 36. Bf2 Rd6 37. g3 hxg3 38. Bxg3 Rc6 39. Rf5 Kg6 40. Rfe5 Kf6 41. h4 Rg7 42. hxg5+ Rxg5 43. Rxg5 Kxg5 44. Re5+ Kf6 45. Bh4+ Kf7 46. Kf2 Ke8 47. Kf3 Kd7 48. Bg3 Ke7 49. Kg4 a6 50. Bh4+ Kd7 51. Kg5 a5 52. Kf6 Rd6 53. a4 Rc6 54. Be1 Rd6 55. b3 Rc6 56. b4 Rd6 57. bxa5 bxa5 58. Bg3 Rc6 59. Re3 Rb6 60. Be1 Ra6 61. Re2 Rc6 62. Rc2 Rc4 63. Ra2 Kd6 64. Bg3+ Kd7 65. Ra3 Rc6 66. Bb8 Kc8 67. Ba7 Kd7 68. Bc5 Kc7 69. Rb3 Kd7 70. Rb7+ Rc7 71. Rxc7+ Kxc7 72. Kxe6 Kc6 73. Ke5 Kc7 74. Kxd5 Kb7 75. Bb6 Kxb6 76. Kd6 Kb7 77. Ke7 Kc6 78. c4 Kc7 79. d5 Kb6 80. d6 Kc5 81. d7 Kxc4 82. d8Q 1-0

[Event "GER-chT U10"]
[Site "Magdeburg"]
[Date "2012.12.28"]
[Round "5.4"]
[White "Sewald, Richard"]
[Black "Ruehl, Alexander"]
[Result "1-0"]
[WhiteElo "1221"]
[BlackElo "772"]
[PlyCount "95"]
[EventDate "2012.12.27"]
[EventType "team-swiss"]
[EventRounds "7"]
[EventCountry "GER"]
[SourceTitle "EXT 2014"]
[Source "ChessBase"]
[SourceDate "2013.11.20"]
[SourceVersion "1"]
[SourceVersionDate "2013.11.20"]
[SourceQuality "1"]
[WhiteTeam "Porz SG"]
[BlackTeam "Landskrone"]
[WhiteTeamCountry "GER"]
[BlackTeamCountry "GER"]

1. e4 e5 2. Nf3 Nc6 3. Bc4 Bc5 4. c3 d6 5. d4 Bb6 6. dxe5 Nge7 7. exd6 cxd6 8. Bf4 Bc7 9. Bb5 Ng6 10. Bg3 Qe7 11. Nbd2 Bd7 12. Bc4 0-0 13. 0-0 Nce5 14. Nxe5 dxe5 15. Bd5 Bc6 16. Nb3 a5 17. a4 Qd6 18. Bxc6 Qxc6 19. Qd5 Nf4 20. Qxc6 bxc6 21. Bxf4 exf4 22. f3 Bb6+ 23. Kh1 Rab8 24. Rab1 Bc7 25. Nc5 Rfd8 26. Na6 Rb7 27. Nxc7 Rxc7 28. b4 Ra7 29. b5 c5 30. b6 Rb7 31. Rfd1 Rc8 32. Rd5 g6 33. c4 Rc6 34. h3 Rcxb6 35. Rxb6 Rxb6 36. Rxc5 Rb1+ 37. Kh2 Rb4 38. Rxa5 Rxc4 39. Ra7 Kg7 40. a5 Ra4 41. a6 g5 42. Ra8 Kg6 43. Rf8 Kg7 44. Ra8 Kg6 45. a7 Kg7 46. h4 f6 47. g3 Ra2+ 48. Kh3 1-0

[Event "Cologne Longerich op 09th"]
[Site "Cologne"]
[Date "2012.08.04"]
[Round "2"]
[White "Theissen, Frank"]
[Black "Sewald, Richard"]
[Result "1-0"]
[WhiteElo "1731"]
[BlackElo "1096"]
[PlyCount "43"]
[EventDate "2012.08.03"]
[EventType "tourn"]
[EventRounds "5"]
[EventCountry "GER"]
[SourceTitle "EXT 2017"]
[Source "ChessBase"]
[SourceDate "2016.10.25"]
[SourceVersion "1"]
[SourceVersionDate "2016.10.25"]
[SourceQuality "1"]

1. e4 e5 2. Nc3 Nf6 3. f4 d6 4. Nf3 Nc6 5. d3 Be7 6. Be2 0-0 7. 0-0 Bg4 8. a3 Bxf3 9. Bxf3 Nd4 10. Ne2 Nxf3+ 11. Rxf3 Nd7 12. f5 c6 13. Be3 Bg5 14. Bxg5 Qxg5 15. Rg3 Qd8 16. Kh1 d5 17. Qd2 Nc5 18. Qh6 g6 19. Rh3 Re8 20. Qxh7+ Kf8 21. fxg6 fxg6 22. Rf1+ 1-0